Getting started in six sigma;A PRACTICAL WORKING GUIDE (Record no. 566474)

000 -LEADER
fixed length control field 01544cam a22003494a 4500
001 - CONTROL NUMBER
control field 13617034
003 - CONTROL NUMBER IDENTIFIER
control field CEME
005 - DATE AND TIME OF LATEST TRANSACTION
control field 20210628201542.0
008 - FIXED-LENGTH DATA ELEMENTS--GENERAL INFORMATION
fixed length control field 040607s2005 njua b 001 0 eng
010 ## - LIBRARY OF CONGRESS CONTROL NUMBER
LC control number 2004013486
020 ## - INTERNATIONAL STANDARD BOOK NUMBER
International Standard Book Number 0471668117 (pbk.)
040 ## - CATALOGING SOURCE
Original cataloging agency DLC
Transcribing agency DLC
Modifying agency DLC
042 ## - AUTHENTICATION CODE
Authentication code pcc
050 00 - LIBRARY OF CONGRESS CALL NUMBER
Classification number HD62.15
Item number .T524 2005
082 00 - DEWEY DECIMAL CLASSIFICATION NUMBER
Classification number 658.4/013
Edition number 22
100 1# - MAIN ENTRY--PERSONAL NAME
Personal name Thomsett, Michael C.
9 (RLIN) 55792
245 10 - TITLE STATEMENT
Title Getting started in six sigma;A PRACTICAL WORKING GUIDE
Statement of responsibility, etc. Michael C. Thomsett.
246 30 - VARYING FORM OF TITLE
Title proper/short title Six sigma
246 0# - VARYING FORM OF TITLE
Display text Subtitle on cover:
Title proper/short title Comprehensive coverage,a practica l working guide
260 ## - PUBLICATION, DISTRIBUTION, ETC.
Place of publication, distribution, etc. Hoboken, N.J. :
Name of publisher, distributor, etc. Wiley,
Date of publication, distribution, etc. c2005.
300 ## - PHYSICAL DESCRIPTION
Extent vi, 213 p. :
Other physical details ill. ;
Dimensions 24 cm.
490 1# - SERIES STATEMENT
Series statement The Getting started in series
504 ## - BIBLIOGRAPHY, ETC. NOTE
Bibliography, etc. note Includes bibliographical references (p. 209-210) and index.
505 0# - FORMATTED CONTENTS NOTE
Formatted contents note The meaning of six sigma -- The customer's point of view -- Outside-in thinking -- The nature of quality -- Product and service defects -- Improving process systems -- Striving for consistency -- Expectations and rules.
650 #0 - SUBJECT ADDED ENTRY--TOPICAL TERM
Topical term or geographic name entry element Total quality management.
9 (RLIN) 872
650 #0 - SUBJECT ADDED ENTRY--TOPICAL TERM
Topical term or geographic name entry element Six sigma (Quality control standard)
9 (RLIN) 3342
830 #0 - SERIES ADDED ENTRY--UNIFORM TITLE
Uniform title Getting started in.
9 (RLIN) 55793
856 42 - ELECTRONIC LOCATION AND ACCESS
Materials specified Publisher description
Uniform Resource Identifier <a href="http://www.loc.gov/catdir/description/wiley042/2004013486.html">http://www.loc.gov/catdir/description/wiley042/2004013486.html</a>
856 41 - ELECTRONIC LOCATION AND ACCESS
Materials specified Table of contents only
Uniform Resource Identifier <a href="http://www.loc.gov/catdir/toc/wiley041/2004013486.html">http://www.loc.gov/catdir/toc/wiley041/2004013486.html</a>
856 42 - ELECTRONIC LOCATION AND ACCESS
Materials specified Contributor biographical information
Uniform Resource Identifier <a href="http://www.loc.gov/catdir/enhancements/fy0616/2004013486-b.html">http://www.loc.gov/catdir/enhancements/fy0616/2004013486-b.html</a>
942 ## - ADDED ENTRY ELEMENTS (KOHA)
Source of classification or shelving scheme
Koha item type Book
Holdings
Withdrawn status Lost status Source of classification or shelving scheme Damaged status Not for loan Permanent Location Current Location Shelving location Date acquired Total Checkouts Full call number Barcode Date last seen Price effective from Koha item type
          College of Electrical & Mechanical Engineering (CEME) College of Electrical & Mechanical Engineering (CEME) General Stacks 04/04/2017   658.4013 THO CEME-42816 06/28/2021 06/28/2021 Book
          College of Electrical & Mechanical Engineering (CEME) College of Electrical & Mechanical Engineering (CEME) General Stacks 04/04/2017   658.4013 THO CEME-42817 06/28/2021 06/28/2021 Book
© 2023 Central Library, National University of Sciences and Technology. All Rights Reserved.